<?xml version="1.0" encoding="UTF-8"?>
<collection xmlns="http://www.loc.gov/MARC21/slim">
<record>
  <controlfield tag="001">165229</controlfield>
  <controlfield tag="005">20251219174252.0</controlfield>
  <datafield tag="024" ind1="7" ind2=" ">
    <subfield code="2">doi</subfield>
    <subfield code="a">10.1016/j.mulfin.2025.100944</subfield>
  </datafield>
  <datafield tag="024" ind1="8" ind2=" ">
    <subfield code="2">sideral</subfield>
    <subfield code="a">146949</subfield>
  </datafield>
  <datafield tag="037" ind1=" " ind2=" ">
    <subfield code="a">ART-2025-146949</subfield>
  </datafield>
  <datafield tag="041" ind1=" " ind2=" ">
    <subfield code="a">eng</subfield>
  </datafield>
  <datafield tag="100" ind1=" " ind2=" ">
    <subfield code="a">Ferreruela, Sandra</subfield>
    <subfield code="u">Universidad de Zaragoza</subfield>
    <subfield code="0">(orcid)0000-0001-8760-9350</subfield>
  </datafield>
  <datafield tag="245" ind1=" " ind2=" ">
    <subfield code="a">Informed trading, investor beliefs consensus and volatility: Evidence from the Limit Order Book dynamics during COVID-19 and short-selling ban</subfield>
  </datafield>
  <datafield tag="260" ind1=" " ind2=" ">
    <subfield code="c">2025</subfield>
  </datafield>
  <datafield tag="520" ind1="3" ind2=" ">
    <subfield code="a">This study investigates the relationship between short-horizon volatility and two distinct sources of microstructural information: executed order flow, measured by VPIN, and the latent order book structure, proxied by its SLOPE. While VPIN captures the realized trade imbalances, SLOPE acts as a proxy for aggregated "belief consensus." The objective is to systematically compare the relative importance of these mechanisms—realized flow versus latent consensus—as drivers and predictors of market volatility. Using tick-by-tick data and the full limit order book for 32 IBEX-35 constituents during the 2019–2020 period, we employ a multifaceted econometric approach in event-time (volume clock), combining stock-level regressions with random-effects meta-analysis, robust fixed-effects panels (Driscoll–Kraay), conditional-probability tables (CPTs), and stock-level VARs with Granger tests and meta-IRFs. Three main results emerge. First, we find that informed trading has a dual role: it helps build belief consensus in the book (H1a) while simultaneously consuming internal liquidity (depth) (H1b). Second, and most critically, belief consensus is a markedly superior predictor of subsequent volatility than VPIN; Conditional Probability Tables confirm that a high degree of consensus sharply increases the probability of the lowest-volatility state (H2). Third, VAR analysis reveals a unanimous, bidirectional, yet asymmetric loop: belief consensus robustly reduces volatility, while volatility, in turn, erodes consensus (H3). The causal links for VPIN, in contrast, are sporadic and size-dependent. Our results establish a new informational channel, demonstrating that the market's latent belief structure is a more potent and reliable determinant of short-term risk than the realized toxicity of order flow.</subfield>
  </datafield>
  <datafield tag="506" ind1="0" ind2=" ">
    <subfield code="a">Access copy available to the general public</subfield>
    <subfield code="f">Unrestricted</subfield>
  </datafield>
  <datafield tag="536" ind1=" " ind2=" ">
    <subfield code="9">info:eu-repo/grantAgreement/ES/DGA/S11-23R</subfield>
    <subfield code="9">info:eu-repo/grantAgreement/ES/MICINN PID2022-136818NB-I00/AEI/10.13039/501100011033</subfield>
  </datafield>
  <datafield tag="540" ind1=" " ind2=" ">
    <subfield code="9">info:eu-repo/semantics/openAccess</subfield>
    <subfield code="a">by-nc-nd</subfield>
    <subfield code="u">https://creativecommons.org/licenses/by-nc-nd/4.0/deed.es</subfield>
  </datafield>
  <datafield tag="655" ind1=" " ind2="4">
    <subfield code="a">info:eu-repo/semantics/article</subfield>
    <subfield code="v">info:eu-repo/semantics/publishedVersion</subfield>
  </datafield>
  <datafield tag="700" ind1=" " ind2=" ">
    <subfield code="a">Martín, Daniel</subfield>
  </datafield>
  <datafield tag="710" ind1="2" ind2=" ">
    <subfield code="1">4002</subfield>
    <subfield code="2">230</subfield>
    <subfield code="a">Universidad de Zaragoza</subfield>
    <subfield code="b">Dpto. Contabilidad y Finanzas</subfield>
    <subfield code="c">Área Economía Finan. y Contab.</subfield>
  </datafield>
  <datafield tag="773" ind1=" " ind2=" ">
    <subfield code="g">81 (2025), 100944 [25 pp.]</subfield>
    <subfield code="t">Journal of Multinational Financial Management</subfield>
    <subfield code="x">1042-444X</subfield>
  </datafield>
  <datafield tag="856" ind1="4" ind2=" ">
    <subfield code="s">7719768</subfield>
    <subfield code="u">http://zaguan.unizar.es/record/165229/files/texto_completo.pdf</subfield>
    <subfield code="y">Versión publicada</subfield>
  </datafield>
  <datafield tag="856" ind1="4" ind2=" ">
    <subfield code="s">1948973</subfield>
    <subfield code="u">http://zaguan.unizar.es/record/165229/files/texto_completo.jpg?subformat=icon</subfield>
    <subfield code="x">icon</subfield>
    <subfield code="y">Versión publicada</subfield>
  </datafield>
  <datafield tag="909" ind1="C" ind2="O">
    <subfield code="o">oai:zaguan.unizar.es:165229</subfield>
    <subfield code="p">articulos</subfield>
    <subfield code="p">driver</subfield>
  </datafield>
  <datafield tag="951" ind1=" " ind2=" ">
    <subfield code="a">2025-12-19-14:43:26</subfield>
  </datafield>
  <datafield tag="980" ind1=" " ind2=" ">
    <subfield code="a">ARTICLE</subfield>
  </datafield>
</record>
</collection>